000 00355nam a22001457a 4500
020 _a5-05-002180-4
082 _a894.812.3
_bKUP/G
100 _aKAPREEN, ALEXANDER
245 _aGARNATT VALA
_bNOVALUKALUM KATHAKALUM
260 _aTHIRUVANANTHAPURAM
_bRADHUGA PUBLISHERS MOSCO
_c2013
300 _a342
520 _aNOVEL
650 _aNOVEL
942 _cBK
999 _c4941
_d4941